| 000 | 00635cam a2200205 4500 | ||
|---|---|---|---|
| 001 | M2147 | ||
| 008 | 090401t1900 xxu||||| |||| 00| 0 eng d | ||
| 035 | _a(Sirsi) u36731 | ||
| 041 | _aeng | ||
| 050 | _a692.5 | ||
| 100 | _aFrancis, Sidney | ||
| 245 | _aTables, memoranda and calculated results for farmers, graziers, agricultural students, surveyors, land agents, auctioneers etc., with a new system of farm book-keeping. | ||
| 250 | _a5th ed. | ||
| 260 |
_aLondon _bCrosby Lockwood & Son _c1900 |
||
| 300 | _a256p. ; 5x7cm. | ||
| 350 | _a0 | ||
| 690 | _aBUILT ENVIRONMENT-BUILDING COSTS | ||
| 942 | _n0 | ||
| 948 | _c04/03/1997 | ||
| 999 |
_c90372 _d90372 |
||